Principles of combinatorics (Record no. 93983)

MARC details
000 -LEADER
fixed length control field 00835cam a2200253 4500
005 - DATE AND TIME OF LATEST TRANSACTION
control field 20180523163102.0
008 - FIXED-LENGTH DATA ELEMENTS--GENERAL INFORMATION
fixed length control field 710323s1971 nyua b 001 0 eng
100 1# - MAIN ENTRY--PERSONAL NAME
Personal name Berge, Claude.
245 10 - TITLE STATEMENT
Title Principles of combinatorics
Statement of responsibility, etc Berge, Claude.
260 ## - PUBLICATION, DISTRIBUTION, ETC. (IMPRINT)
Place of publication, distribution, etc New York
Name of publisher, distributor, etc Academic Press
Date of publication, distribution, etc 1971.
300 ## - PHYSICAL DESCRIPTION
Extent viii, 176 p.
Other physical details illus.
Dimensions 24 cm.
653 ## - INDEX TERM--UNCONTROLLED
Uncontrolled term Combinatorial analysis
942 ## - ADDED ENTRY ELEMENTS (KOHA)
item type Books
Holdings
Lost status Source of classification or shelving scheme Not for loan Home library Current library Date acquired Total Checkouts Full call number Barcode Date last seen Date checked out Price effective from Koha item type
  Universal Decimal Classification   University Library University Library 16/05/2018 1 519.13 BER 00005487 12/09/2018 29/08/2018 16/05/2018 Books
University Library, CUSAT